00000000nam##2200000za#4500
0019.576872
003CaOODSP
00520231208112825
007cr |||||||||||
008150406|2011||||xxc|||||o    f|0| 0 eng|d
040 |aCaOODSP|beng
043 |an-cn---
0861 |aPS83-5/R253E-PDF
1101 |aCorrectional Service Canada. |bResearch Branch.
24510|aCharacteristics of participants in the Methadone Maintenance Treatment (MMT) Program / |h[electronic resource]|cprepared by Sara Johnson, Shanna Farrell MacDonald and Madelon Cheverie.
260 |aOttawa - Ontario : |bCorrectional Service Canada. |cJuly 2011.
300 |a1p.
4901 |aResearch at a glance|vR253
590 |a13-16-Supp|b2013-07-12
77508|tCaractéristiques des participants au Programme de traitement à la méthadone (TEM) / |w(CaOODSP)9.605842
830#0|aResearch at a glance (Correctional Service Canada)|vR253|w(CaOODSP)9.506649
85640|ahttp://publications.gc.ca|qPDF|s172 KB|uhttps://publications.gc.ca/collections/collection_2013/scc-csc/PS83-5-R253-eng.pdf|yR253